000 00646nam a2200265Ia 4500
005 20260121170658.0
008 008 260114s9999 xx 000 0 eng d
020 _a9783658230920
037 _aEBOOK
040 _aCRL
040 _beng
040 _cCRL
041 _2eng
041 _aeng
084 _qCRL
100 _aMarie Elisabeth Zeidler
_91066842
245 0 _aExplaining Bias in Membership Numbers
260 _bSpringer
260 _bSpringer
260 _c2019
856 _uhttps://link.springer.com/openurl?genre=book&isbn=978-3-658-23092-0
942 _cEBOOK
999 _c1632572
_d1632572